000 00738nam a2200253 i 4500
001 bg
100 1 _aKOLUPA, Michał
245 1 0 _aMetody matematyczne dla bankowców /
_cMichał Kolupa.
250 _aWyd. 2 zaktual. i rozsz.
260 _aWarszawa :
_b"Poltext",
_c1995.
300 _a133, [1] s. :
_bwykr. ;
_c21 cm.
490 1 _aStudia Finansowo-Bankowe / Szkoła Główna Handlowa
504 _aBibliogr. s. 133-[134].
650 9 _aMatematyka finansowa
655 _aPoradniki
830 0 _aStudia Finansowo-Bankowe (Szkoła Główna Handlowa)
020 _a8385366369
040 _cBPK
041 0 _apl
080 _a336:51
920 _a83-85366-36-9
942 _cKS
008 s pl f |000 0 pol
999 _c25314
_d25314
856 _uhttp://koha.tu.koszalin.pl/cgi-bin/koha/opac-detail.pl?biblionumber=25314
_yKatalog online BPK